| 000 | 00442nam a2200181Ia 4500 | ||
|---|---|---|---|
| 001 | 12802 | ||
| 005 | 20260306163008.0 | ||
| 008 | 260306t2002||||xx |||||||||||||| ||spa|| | ||
| 041 | _aESP | ||
| 082 |
_aRD 332 _bF18 |
||
| 100 |
_aFalconĂ Picardo, Marco _eAUT |
||
| 245 | 0 | _aDiccionario de banca, finanzas y empresa | |
| 260 | _c2002 | ||
| 300 |
_a285 páginas : _c285 p. |
||
| 650 | _aGEN | ||
| 654 | _aCAN | ||
| 942 |
_cDIC _dJUS _fJUS _2ddc _n |
||
| 999 |
_c12802 _d12802 |
||